[Event "3rd Oliver Gonzalez Mem Open A"]
[Site "Madrid ESP"]
[Date "2012.09.01"]
[Round "1.33"]
[White "Santos,JoseAl"]
[Black "Martin Prior,Francisco Jose"]
[Result "1/2-1/2"]
[WhiteElo "2265"]
[BlackElo "1867"]

1.e4 c5 2.c3 Nf6 3.e5 Nd5 4.d4 cxd4 5.cxd4 d6 6.Nf3 dxe5 7.dxe5 Nc6 8.Bc4 Be6
9.O-O Nc7 10.Bxe6 Nxe6 11.Qe2 Qc7 12.Nc3 Ned4 13.Nxd4 Nxd4 14.Qe4 Ne6 15.Be3 g6
16.Nb5 Qd7 17.a4 Bg7 18.Rac1 Rd8 19.Bxa7 O-O 20.Be3 Qd3 21.Qxb7 Bxe5 22.Qxe7 Bxb2
23.Rb1 Be5 24.Qa3 Qf5 25.g3 Rd3 26.Qc1 Nd4 27.Nxd4 Bxd4 28.Rb5 Qd7 29.Bxd4 Rxd4
30.Qc2 Ra8 31.Ra1 Rd2 32.Qb3 Qd4 33.Rf1 Rd3 34.Rb8+ Rxb8 35.Qxb8+ Kg7 36.a5 Ra3
37.Qc7 Qd5 38.Re1 Qxa5 39.Qc1 h5 40.Rd1 Qc3 41.Qf4 Ra1 42.Rxa1 Qxa1+ 43.Kg2 Qf6
44.Kf3 g5 45.Qxf6+ Kxf6 46.Ke4 Ke6 47.f4 f6 48.fxg5  1/2-1/2

[Event "11th Kesarovski-Stanchev Mem"]
[Site "Sunny Beach BUL"]
[Date "2012.09.01"]
[Round "1.54"]
[White "Petkov,Matey"]
[Black "Zidek,V"]
[Result "0-1"]
[WhiteElo "1680"]
[BlackElo "2189"]

1.e4 c5 2.c3 Nf6 3.e5 Nd5 4.d4 cxd4 5.Nf3 Nc6 6.cxd4 d6 7.exd6 Qxd6 8.Nc3 Bg4
9.Be2 Nf4 10.Bxf4 Qxf4 11.d5 O-O-O 12.Qc1 Qxc1+ 13.Rxc1 Bxf3 14.Bxf3 Ne5
15.Be4 g6 16.f4 Nd7 17.Ke2 Kb8 18.Bf3 Bh6 19.g3 e5 20.dxe6 Rhe8 21.Kf2 fxe6
22.Rcd1 e5 23.fxe5 Nxe5 24.Rxd8+ Rxd8 25.Rd1 Rf8 26.Kg2 Rxf3 27.Rd5 Rf5  0-1

[Event "19th Graz Open 2012"]
[Site "Graz AUT"]
[Date "2012.09.02"]
[Round "9.7"]
[White "Hatzl,J"]
[Black "Gruskovnjak,T"]
[Result "0-1"]
[WhiteElo "2086"]
[BlackElo "2384"]

1.e4 c5 2.c3 Nf6 3.e5 Nd5 4.d4 cxd4 5.cxd4 e6 6.Nf3 d6 7.Bc4 Nc6 8.O-O Be7
9.Nc3 Nxc3 10.bxc3 dxe5 11.Nxe5 Nxe5 12.dxe5 Qa5 13.Qe2 Bd7 14.Bd2 O-O 15.Bd3 Bc6
16.c4 Qc5 17.Qh5 g6 18.Qe2 Rfd8 19.Bc3 Rd7 20.Rac1 Rc8 21.Kh1 Qa3 22.Bb1 Qa6
23.Bc2 Bd5 24.Bb3 Bxc4 25.Bxc4 Qxc4 26.Qb2 Qa6 27.Rcd1 Rdc7 28.Bb4 Bxb4 29.Qxb4 Qxa2
30.Qh4 Re8 31.Qf6 Qa3 32.Rd8 Qe7 33.Rxe8+ Qxe8 34.Rd1 Qd7 35.Qf3 Qe7 36.Qe3 b6
37.Qe4 Kg7 38.h4 h5 39.Qa8 Rd7 40.Rc1 Qxh4+ 41.Kg1 Qf4 42.Qc6 Rd2 43.Rf1 Qxe5  0-1

[Event "3rd Oliver Gonzalez Mem Open A"]
[Site "Madrid ESP"]
[Date "2012.09.02"]
[Round "2.34"]
[White "Pastor Alonso de Prado,E"]
[Black "Rodriguez Melendez,Juan Humbert"]
[Result "0-1"]
[WhiteElo "2172"]
[BlackElo "2080"]

1.e4 c5 2.c3 Nf6 3.e5 Nd5 4.d4 cxd4 5.Nf3 Nc6 6.cxd4 d6 7.exd6 Qxd6 8.Nc3 Bg4
9.Be2 e6 10.O-O Be7 11.h3 Bh5 12.Ne4 Qd8 13.Be3 O-O 14.Qb3 Rb8 15.Rfd1 h6
16.Nc5 b6 17.Nd3 Na5 18.Qa4 b5 19.Qc2 Nc4 20.Bc1 Rc8 21.Qb3 Qb6 22.Nf4 Nxf4
23.Bxf4 Rfd8 24.g4 Bg6 25.Rac1 Be4 26.Ne5 Nxe5 27.Bxe5 a6 28.Qg3 Qb7 29.h4 Rxc1
30.Rxc1 Rc8 31.Rxc8+ Qxc8 32.Qe3 Qc2 33.g5 hxg5 34.hxg5 Qb1+ 35.Bf1 b4 36.a3 a5
37.axb4 axb4 38.Bf4 Bd5 39.Qe2 Qf5 40.Qe3 Qg4+ 41.Kh2 b3 42.Bh3 Qh4 43.Kg1 Qh5
44.Bg2 Qg4 45.f3 Qf5 46.Kf2 Bd8 47.Bf1 Qc2+ 48.Kg3 Qxb2 49.Bd3 Qa1 50.Qd2 Qg1+
51.Kh3 Qh1+ 52.Kg3 Qxf3+  0-1

[Event "11th Kesarovski-Stanchev Mem"]
[Site "Sunny Beach BUL"]
[Date "2012.09.02"]
[Round "2.19"]
[White "Atanasov,R"]
[Black "Yarmysty,M"]
[Result "1-0"]
[WhiteElo "2150"]
[BlackElo "2363"]

1.e4 c5 2.c3 Nf6 3.e5 Nd5 4.d4 cxd4 5.Nf3 e6 6.cxd4 d6 7.a3 Bd7 8.Bd3 Bc6
9.O-O Nd7 10.Re1 Be7 11.b4 a6 12.Nbd2 dxe5 13.dxe5 Nf4 14.Bb1 Nb6 15.Qb3 Ba4
16.Qe3 Ng6 17.Qe4 O-O 18.Qxb7 Nd5 19.Nd4 Bg5 20.N2f3 Bxc1 21.Rxc1 Ngf4 22.g3 Nh3+
23.Kg2 Ng5 24.Ba2 Nxf3 25.Nxf3 Re8 26.Bxd5 exd5 27.Rc7 Rb8 28.Qa7 Ra8 29.Qc5 h6
30.Rc1 Bb3 31.Nd2 Ba4 32.f4 d4 33.Rc4 Qb8 34.Rxd4 Rd8 35.Nf3 Bb3 36.f5 Ba2
37.h4 Qb5 38.Kf2 Rxd4 39.Qxd4 Re8 40.e6 Rf8 41.Qb2 Bd5 42.Qe5 f6 43.Qe3 Bxf3
44.Qxf3 Qe5 45.Rc5 Qa1 46.e7  1-0

[Event "40th Olympiad Women"]
[Site "Istanbul TUR"]
[Date "2012.09.03"]
[Round "6.17"]
[White "Plazaola,M"]
[Black "Mkrtchian,L"]
[Result "0-1"]
[WhiteElo "2164"]
[BlackElo "2454"]

1.e4 c5 2.c3 Nf6 3.e5 Nd5 4.Nf3 Nc6 5.d4 cxd4 6.cxd4 d6 7.Bc4 Nb6 8.Bb3 d5
9.h3 Bf5 10.Qe2 e6 11.O-O Be7 12.Be3 a6 13.Nc3 Rc8 14.Rac1 O-O 15.Bc2 Bxc2
16.Rxc2 Nc4 17.Nd2 Nb4 18.Rcc1 Nxb2 19.Rb1 Rxc3 20.Rxb2 b5 21.Qg4 Kh8 22.Nf3 Nc6
23.Rd1 Qd7 24.h4 Rc8 25.Qh5 Qe8 26.Qg4 Na5 27.Bg5 Bxg5 28.hxg5 Nc6 29.g3 Ne7
30.Kg2 Nf5 31.Rh1 Rc2 32.Rb3 Rxa2 33.Qh5 Qg8 34.g6 fxg6 35.Qxg6 Rcc2 36.Ng5 Rxf2+
37.Kg1 Nh6 38.Qd3 Rfd2 39.Qf1 Rf2 40.Qd3 Rg2+ 41.Kf1 Qf8+ 42.Nf3 Rgd2 43.Qb1 Rab2
44.Qxb2 Rxb2 45.Rxb2 Qxf3+ 46.Kg1 Ng4  0-1

[Event "40th Olympiad Women"]
[Site "Istanbul TUR"]
[Date "2012.09.03"]
[Round "6.31"]
[White "Botalova,Y"]
[Black "Chirivi C,Y"]
[Result "0-1"]
[WhiteElo "1949"]
[BlackElo "2212"]

1.e4 c5 2.c3 Nf6 3.e5 Nd5 4.d4 cxd4 5.Nf3 e6 6.cxd4 d6 7.Bc4 Nc6 8.O-O Be7
9.exd6 Bxd6 10.Nc3 O-O 11.Nxd5 exd5 12.Bd3 Bg4 13.Bxh7+ Kxh7 14.Ng5+ Qxg5
15.f3 Qh5 16.fxg4 Qxh2+ 17.Kf2 Qg3+ 18.Kg1 Rae8 19.g5 Qh2+ 20.Kf2 Qh4+  0-1

[Event "40th Olympiad Open"]
[Site "Istanbul TUR"]
[Date "2012.09.03"]
[Round "6.14"]
[White "Ebeling,D"]
[Black "Bauer,Ch"]
[Result "1/2-1/2"]
[WhiteElo "2350"]
[BlackElo "2682"]

1.e4 c5 2.c3 Nf6 3.e5 Nd5 4.d4 cxd4 5.Nf3 Nb6 6.cxd4 d5 7.Nc3 Nc6 8.Bb5 e6
9.Bg5 Be7 10.Bxe7 Qxe7 11.O-O Bd7 12.Rc1 O-O 13.Bd3 Nb4 14.Bb1 Nc4 15.a3 Na6
16.Nd2 Nb6 17.Qe2 Rac8 18.Bd3 Nb8 19.Nb5 Bxb5 20.Bxb5 a6 21.Bd3 Nc6 22.Nb3 Rc7
23.Rc2 Rfc8 24.Rfc1 g6 25.Qe3 Na4 26.g3 Na7 27.Qd2 Qd8 28.Qa5 Rxc2 29.Qxd8+ Rxd8
30.Rxc2 Rc8 31.Nc5 Nxc5 32.dxc5 Nc6 33.f4 a5 34.Kf2 Nd4 35.Rc3 a4 36.Bc2 Ra8
37.Bd1 Ra5 38.Ke3 Nc6 39.Kd3 Kg7 40.Rc1 f6 41.exf6+ Kxf6 42.Rc3 e5 43.fxe5+ Kxe5
44.Rc1 Nd4 45.Bg4 Nb3 46.Re1+ Kf6 47.h4 Nxc5+ 48.Kd4 Nb3+ 49.Kd3 Ra6 50.Rf1+ Ke7
51.Re1+ Kf6 52.Rf1+ Kg7 53.Re1 Nc5+ 54.Kd4 Ne4 55.Bc8 Rb6 56.Kxd5 Nf6+ 57.Kd4 Rd6+
58.Ke3 b5 59.Rc1 Nd5+ 60.Ke4 Ne7 61.Rc7 Kf6 62.Bd7 Rb6 63.Rc5 b4 64.Bxa4 bxa3
65.bxa3 Ra6 66.Rc4 h5 67.Kf3 Nf5 68.Kf4 Ne7 69.Rd4 Nd5+ 70.Rxd5  1/2-1/2

[Event "World Youth U16 Olympiad 2012"]
[Site "Istanbul TUR"]
[Date "2012.09.03"]
[Round "8.5"]
[White "Gokerkan,Cem Kaan"]
[Black "Beradze,I"]
[Result "0-1"]
[WhiteElo "1845"]
[BlackElo "2331"]

1.e4 c5 2.c3 Nf6 3.e5 Nd5 4.d4 cxd4 5.Nf3 Nc6 6.cxd4 e6 7.a3 d6 8.Bd3 Be7
9.O-O O-O 10.Qe2 Kh8 11.Nc3 Nxc3 12.bxc3 d5 13.Bc2 b6 14.Qd3 g6 15.Bh6 Rg8
16.Qe3 Qe8 17.Qf4 Ba6 18.Rfe1 Bf8 19.Bg5 Rg7 20.Bf6 Ne7 21.Ng5 h6 22.Qh4 Ng8
23.Bxg7+ Kxg7 24.Nh3 Rc8 25.Re3 Qb5 26.Rb1 Qa5 27.Qg3 Qxa3 28.Nf4 Ne7 29.Qf3 Kg8
30.h4 Bg7 31.Kh2 Bc4 32.Qd1 Qa6 33.Ra1 Qb7 34.Bb1 a5 35.g4 Qc7 36.Qc2 Nc6
37.Kg2 Qe7 38.Nxg6 Qd8 39.Nf4 Kf8 40.Qh7 Qxh4 41.Ng6+ fxg6 42.Rf3+ Ke8 43.Qxg6+ Kd7
44.Qxg7+ Ne7 45.Bh7 Qg5 46.Qxg5 hxg5 47.Bd3 Bxd3 48.Rxd3 Ng6 49.Rg3 Nf4+
50.Kf1 Rh8 51.Ra3 Kc6 52.Ke1 Rh1+ 53.Kd2 Rf1 54.Rf3 Rg1 55.Rg3 Rh1 56.Kc2 Kb5
57.Rb3+ Ka6 58.Rb1 Rh2 59.Rf3 a4 60.Kb2 Ka5 61.Ka3 b5 62.Rf1 Rh4 63.Ka2 Rh8
64.Rxf4 gxf4 65.Ka3 Rh2 66.Ka2 Rg2 67.Ka3 Rxg4 68.f3 Rg2 69.Rd1 Rc2 70.Rd3 Rxc3+  0-1

[Event "3rd Oliver Gonzalez Mem Open A"]
[Site "Madrid ESP"]
[Date "2012.09.03"]
[Round "3.8"]
[White "Santos,JoseAl"]
[Black "Hernandez Carmenates,Hold"]
[Result "0-1"]
[WhiteElo "2265"]
[BlackElo "2561"]

1.e4 c5 2.c3 Nf6 3.e5 Nd5 4.d4 cxd4 5.cxd4 d6 6.Nf3 Nc6 7.Bc4 Nb6 8.Bb3 dxe5
9.Nxe5 Nxe5 10.dxe5 Qxd1+ 11.Kxd1 Bf5 12.Be3 e6 13.Nc3 O-O-O+ 14.Ke1 Nd7
15.f4 Nc5 16.h3 b6 17.Ke2 Bd3+ 18.Kf3 Kb7 19.Bd1 Be7 20.Kf2 Ba6 21.Bf3+ Kb8
22.Be2 Bxe2 23.Kxe2 Nd3 24.Rab1 f5 25.Rhd1 Nb4 26.Rbc1 Kb7 27.Nb5 Nc6 28.Rxc6 Kxc6
29.Nd4+ Kb7 30.Nxe6 Rxd1 31.Kxd1 g6 32.g4 Kc6 33.gxf5 gxf5 34.Nd4+ Kd5 35.Ke2 Rf8
36.Nb5 a6 37.Nc3+ Kc6 38.Kf3 b5 39.Bf2 a5 40.b3 Rd8 41.Ke2 Bb4 42.Nb1 Bc5
43.Bg3 Bd4 44.Nd2 Kd5 45.Nf3 Rc8 46.Be1 Bc3 47.Bf2 Ke4 48.Be3 h6 49.a4 b4
50.Nh2 Rg8 51.Kf2 Be1+  0-1

[Event "11th Kesarovski-Stanchev Mem"]
[Site "Sunny Beach BUL"]
[Date "2012.09.03"]
[Round "3.10"]
[White "Atanasov,R"]
[Black "Dimitrov,R"]
[Result "0-1"]
[WhiteElo "2150"]
[BlackElo "2411"]

1.e4 c5 2.c3 Nf6 3.e5 Nd5 4.d4 d6 5.Nf3 Nc6 6.c4 Ndb4 7.a3 Qa5 8.Bd2 Bf5
9.Nh4 Nc2+ 10.Qxc2 Bxc2 11.Bxa5 Nxa5 12.Nd2 cxd4 13.exd6 O-O-O 14.Rc1 d3
15.Nf5 exd6 16.f3 g6 17.Ne3 Bg7 18.b4 Rhe8 19.bxa5 Rxe3+ 20.Kf2 Bd4  0-1

[Event "40th Olympiad Women"]
[Site "Istanbul TUR"]
[Date "2012.09.04"]
[Round "7.13"]
[White "Krivec,J"]
[Black "Umudova,N"]
[Result "1-0"]
[WhiteElo "2240"]
[BlackElo "2208"]

1.e4 c5 2.c3 Nf6 3.e5 Nd5 4.d4 cxd4 5.cxd4 d6 6.Nf3 Nc6 7.Bc4 Nb6 8.Bb5 Bd7
9.Nc3 dxe5 10.d5 Nb4 11.Nxe5 Bxb5 12.Nxb5 Rc8 13.O-O Qxd5 14.Nxa7 Qxe5 15.Nxc8 Nxc8
16.Qa4+ Nc6 17.Bf4 Qa5 18.Qxa5 Nxa5 19.Rac1 Nc6 20.b4 e5 21.Bxe5 Bxb4 22.Bxg7 Rg8
23.Bb2 Nb6 24.Rfd1 Be7 25.Ba1 Rg6 26.Rb1 Nb4 27.Bd4 Nc4 28.Bc3 Nxa2 29.Rxb7 Bd6
30.Be1 Re6 31.Ra1 Bf4 32.g3 Bg5 33.Ra7 Nc1 34.Bb4 Ne2+ 35.Kf1 Bd8 36.Rd1 Nb6
37.Ra2 Nd7 38.Rad2 Nxg3+ 39.hxg3 Be7 40.Bxe7 Rxe7 41.Ra1 f6 42.Ra8+ Kf7 43.Ra7 Ne5
44.Rxe7+ Kxe7 45.f4 Ng4 46.Kg2 f5 47.Kh3 Kf7 48.Kh4 Nf6 49.Ra2 h6 50.Ra7+ Kg6
51.Re7 Ng4 52.Re6+ Nf6 53.Kh3 Kg7 54.Kg2 Kf7 55.Ra6 Kg6 56.Kf3 Kh5 57.Ke3 Ne4
58.g4+ Kxg4 59.Rxh6 Kg3 60.Rg6+ Kh4 61.Kd4 Kh5 62.Rg8 Nf6 63.Rg5+  1-0

[Event "40th Olympiad Open"]
[Site "Istanbul TUR"]
[Date "2012.09.04"]
[Round "7.14"]
[White "Starostits,I"]
[Black "Atabayev,Y"]
[Result "0-1"]
[WhiteElo "2494"]
[BlackElo "2411"]

1.e4 c5 2.c3 Nf6 3.e5 Nd5 4.Nf3 Nc6 5.Bc4 Nb6 6.Bb3 c4 7.Bc2 Qc7 8.Qe2 g5
9.h3 Bg7 10.e6 dxe6 11.Nxg5 Qe5 12.d4 cxd3 13.Bxd3 Qxe2+ 14.Bxe2 e5 15.O-O Bf5
16.Nd2 Bh6 17.Nde4 Rg8 18.Ng3 Bxg5 19.Nxf5 Rd8 20.Ne3 e6 21.Bf3 f5 22.a4 e4
23.Bh5+ Ke7 24.a5 Nd5 25.Nxd5+ Rxd5 26.f4 Bf6 27.a6 b6 28.Be2 Rg3 29.Kh2 Bh4
30.Rd1 Na5 31.Rxd5 exd5 32.Bd2 Kd6 33.Ra3 Rg8 34.b3 Bf2 35.c4 Nc6 36.cxd5 Nd4
37.Bb4+ Kd7 38.Bc4 b5 39.Bf1 Bg3+ 40.Kg1 e3 41.Bd3 e2 42.Ra1 Re8 43.Be1 Re3
44.Bxb5+ Nxb5 45.Bxg3 Rxg3 46.Kf2 Rxb3 47.Kxe2 Kd6 48.Kf2 Nc3 49.g4 Ne4+
50.Ke2 Rxh3 51.gxf5 Nc3+ 52.Kf2 Nxd5 53.Rb1 Rh4 54.Rb7 Rxf4+ 55.Kg3 Rxf5
56.Rxa7 Nc7 57.Rb7 Kc6 58.Kg4 Rf1 59.Kh5 Rh1+ 60.Kg5 Nxa6 61.Ra7 Nc7 62.Kf6 Kd6
63.Kg5 Nd5 64.Kf5 Ne7+ 65.Kf6 Rf1+ 66.Kg7 h5 67.Ra6+ Ke5 68.Ra5+ Nd5 69.Kg6 h4
70.Kg5 h3 71.Ra2 Ne3 72.Kh4 Rf3 73.Ra5+ Nd5 74.Kg4 Re3 75.Ra1 Nf6+ 76.Kh4 Ne4
77.Ra2 Kf4 78.Rb2 Rf3 79.Ra2 Nf2 80.Ra4+ Ke5  0-1

[Event "World Youth U16 Olympiad 2012"]
[Site "Istanbul TUR"]
[Date "2012.09.04"]
[Round "9.5"]
[White "Beradze,I"]
[Black "Eliseev,U"]
[Result "1/2-1/2"]
[WhiteElo "2331"]
[BlackElo "2480"]

1.e4 c5 2.c3 Nf6 3.e5 Nd5 4.d4 cxd4 5.cxd4 d6 6.Nf3 Nc6 7.Bc4 Nb6 8.Bb5 dxe5
9.Nxe5 Bd7 10.Nc3 Nxe5 11.dxe5 Bxb5 12.Nxb5 Qxd1+ 13.Kxd1 Nd5 14.Ke2 e6 15.Bd2 Be7
16.Rac1 Kd7 17.Rhd1 Rhc8 18.Nc3 Nxc3+ 19.Bxc3+ Ke8 20.Bd4  1/2-1/2

[Event "40th Olympiad Women"]
[Site "Istanbul TUR"]
[Date "2012.09.05"]
[Round "8.42"]
[White "Khoudgarian,N"]
[Black "Jalloul,M"]
[Result "1-0"]
[WhiteElo "2158"]
[BlackElo "1923"]

1.e4 c5 2.c3 Nf6 3.e5 Nd5 4.Nf3 e6 5.d4 cxd4 6.cxd4 b6 7.Nc3 Nxc3 8.bxc3 Qc7
9.Qb3 Bb7 10.c4 Nc6 11.Bd2 d6 12.d5 exd5 13.cxd5 Nxe5 14.Nxe5 dxe5 15.Bb5+ Kd8
16.O-O Bc5 17.d6 Bxd6 18.Bb4 Ke7 19.Bxd6+ Qxd6 20.Rad1 Qe6 21.Qb4+  1-0

[Event "40th Olympiad Women"]
[Site "Istanbul TUR"]
[Date "2012.09.05"]
[Round "8.9"]
[White "Nikolova,A"]
[Black "Havlikova,K"]
[Result "1/2-1/2"]
[WhiteElo "2299"]
[BlackElo "2298"]

1.e4 c5 2.c3 Nf6 3.e5 Nd5 4.d4 cxd4 5.Nf3 Nc6 6.cxd4 d6 7.Bc4 dxe5 8.Nxe5 e6
9.O-O Be7 10.Re1 O-O 11.Nf3 Bf6 12.Bb3 Nde7 13.Re4 b6 14.Nc3 Bb7 15.Bg5 Ng6
16.h4 Na5 17.Rg4 Nxb3 18.axb3 h5 19.Rg3 Nxh4 20.Bxh4 Bxh4 21.Rh3 Bf6 22.Rxh5 g6
23.Rh3 Kg7 24.Ne2 Rh8 25.Rxh8 Qxh8 26.Qd3 Qh5 27.Ng3 Qd5 28.Qe3 a5 29.Rc1 Rd8
30.Rc7 Ba8 31.Ne2 Qd6 32.Ra7 Qb8 33.Ra6 Qb7 34.Qd3 e5 35.Qb5 exd4 36.Rxb6 Qe7
37.Qd3 Be4 38.Qd2 d3 39.Ng3 Ba8 40.Ra6 Bxf3 41.gxf3 Qb4 42.Qxb4 axb4 43.Ra1 Bxb2
44.Rd1 Kf6 45.f4 Bc3 46.Kg2 d2 47.Kf3 Ke6 48.Nf1 Rd3+ 49.Ke2 Rh3 50.Nxd2 Bxd2
51.Rxd2 Rxb3 52.Rd8 Kf5 53.Rd7 f6 54.Rd6 Rc3 55.Rd4 b3 56.Rb4 Kg4 57.Rb6 Kf5
58.Kd2 Rc2+ 59.Ke3 b2 60.Kf3 g5 61.Rb5+ Kg6 62.fxg5 fxg5 63.Kg4 Kf6 64.f4 Rc4
65.Rb6+ Kg7  1/2-1/2

[Event "World Youth U16 Olympiad 2012"]
[Site "Istanbul TUR"]
[Date "2012.09.05"]
[Round "10.22"]
[White "Yaver,Faik Emre"]
[Black "Lim,DeL"]
[Result "1/2-1/2"]
[WhiteElo "1782"]
[BlackElo "1863"]

1.e4 c5 2.c3 Nf6 3.e5 Nd5 4.d4 cxd4 5.Nf3 Nc6 6.cxd4 e6 7.Bc4 Nb6 8.Bb3 d5
9.O-O Be7 10.Nc3 a6 11.a3 Bd7 12.Bc2 Rc8 13.Qd3 Na5 14.Re1 Qc7 15.Bg5 Qd8
16.Bf4 Nac4 17.Bc1 Qc7 18.Bb3 Na5 19.Bd1 Nbc4 20.Ne2 Bb5 21.Qb1 O-O 22.b3 Nb6
23.Bd2 Na8 24.Ng3 Bd7 25.Qd3 Nc6 26.Bg5 Qd8 27.Bc2 g6 28.Bxe7 Qxe7 29.Nh5 Nc7
30.Nf6+ Kh8 31.Ng5 h6 32.Re3 Kg7 33.Nxf7 Qxf7 34.Rg3 Ne7 35.Nxd7 Qxf2+ 36.Kh1 Nf5
37.Rf3 Qh4 38.Nxf8 Rxf8 39.Qc3 Nb5 40.Qe1 Qxe1+ 41.Rxe1 Nbxd4 42.Rc3 Nc6
43.Bd3 d4 44.Rcc1 Ne3 45.Rc5 Rf2 46.g3 h5 47.Be4 Kh6 48.Bxc6 bxc6 49.Rxc6 Kg5
50.Rd6 Rd2 51.h3 h4 52.gxh4+ Kxh4 53.Rxe6 Kxh3 54.Rxg6 Nf5 55.Kg1 Nh4 56.Rh6 Kg3
57.Rxh4 Kxh4 58.e6 Kg3 59.e7 Rg2+  1/2-1/2

[Event "3rd Oliver Gonzalez Mem Open A"]
[Site "Madrid ESP"]
[Date "2012.09.05"]
[Round "5.34"]
[White "Remolar Gallen,J"]
[Black "Martin Prior,Francisco Jose"]
[Result "1-0"]
[WhiteElo "2137"]
[BlackElo "1867"]

1.e4 c5 2.c3 Nf6 3.e5 Nd5 4.d4 cxd4 5.Nf3 e6 6.Bc4 Nb6 7.Bb3 dxc3 8.Nxc3 d5
9.exd6 Bxd6 10.O-O Nc6 11.Qe2 Qe7 12.Bg5 f6 13.Be3 Bb4 14.Rfd1 Bxc3 15.bxc3 O-O
16.Qb5 Nd7 17.Bf4 Re8 18.Bd6 Qf7 19.Re1 Nb6 20.Rad1 Nd5 21.Rd3 a6 22.Qc5 Bd7
23.Qa3 Rac8 24.Red1 Nce7 25.c4 Nb6 26.Bc5 e5 27.Rxd7 Nxd7 28.Rxd7 Rxc5 29.Qxc5 Qg6
30.g3 Qb1+ 31.Kg2 Nf5 32.Qd5+ Kh8 33.Rd8  1-0

[Event "40th Olympiad Women"]
[Site "Istanbul TUR"]
[Date "2012.09.06"]
[Round "9.26"]
[White "Ozturk,H"]
[Black "Berke,A"]
[Result "0-1"]
[WhiteElo "1806"]
[BlackElo "2160"]

1.e4 c5 2.c3 Nf6 3.e5 Nd5 4.d4 cxd4 5.Nf3 Nc6 6.Bc4 e6 7.cxd4 d6 8.O-O Be7
9.Qe2 O-O 10.Nc3 Nxc3 11.bxc3 dxe5 12.dxe5 Qa5 13.Bd2 Bd7 14.Bd3 Rfd8 15.Rfe1 Qa4
16.Ng5 h6 17.Nxf7 Kxf7 18.Qh5+ Kg8 19.Qg6 Bg5 20.Qh7+ Kf8 21.Bxg5 hxg5 22.Re4 Qa3
23.Qh8+ Kf7 24.Qh5+ Kg8 25.Re3 Be8 26.Qh7+ Kf8 27.Qh8+ Ke7 28.Qxg7+ Bf7 29.Bg6 Rf8
30.Rf3 Nd8 31.Rb1 Ke8 32.Rd1 Qe7 33.Rfd3 Bxg6 34.Qxg6+ Qf7 35.Qxf7+ Rxf7
36.Rg3 Rf5 37.Re1 Rc8 38.Rh3 Nf7 39.Rhe3 Rc5 40.h3 Rfxe5 41.Kf1 Rxe3 42.Rxe3 Ke7
43.Ke1 Ra5 44.Re2 Ra3 45.Rc2 Kd6 46.Kd2 Ne5 47.Ke3 Ra4 48.g3 b5 49.f4 gxf4+
50.gxf4 Ng6 51.Rf2 Ne7 52.Kd3 Nf5  0-1

[Event "40th Olympiad Open"]
[Site "Istanbul TUR"]
[Date "2012.09.06"]
[Round "9.46"]
[White "Nassr,A"]
[Black "El Jawich,A"]
[Result "1-0"]
[WhiteElo "2030"]
[BlackElo "2166"]

1.e4 c5 2.c3 Nf6 3.e5 Nd5 4.Nf3 e6 5.Bc4 Nb6 6.Bb3 d6 7.exd6 Bxd6 8.d4 O-O
9.dxc5 Bxc5 10.O-O Bd7 11.Qe2 Bc6 12.Ne5 Qf6 13.Nd2 N6d7 14.Nxc6 Nxc6 15.Ne4 Qe5
16.Qf3 Be7 17.Bf4 Qf5 18.Ng3 Qg6 19.Rad1 Nc5 20.Bc4 Rad8 21.Qe2 a6 22.h3 b5
23.Bb3 Nxb3 24.axb3 Na5 25.Rxd8 Bxd8 26.b4 Nc4 27.b3 Nb6 28.c4 Be7 29.Be3 Na8
30.cxb5 axb5 31.Qxb5 Nc7 32.Qb7 Nd5 33.Bc5 Bxc5 34.bxc5 h5 35.h4 f5 36.c6 f4
37.c7 Ne7 38.Ne4 f3 39.g3 Qf5 40.Ng5 e5 41.Qe4 Qxe4 42.Nxe4 Nd5 43.Rc1 Rc8
44.Rc5 Nxc7 45.b4 Rb8 46.Rxc7 Rxb4 47.Ng5  1-0

[Event "40th Olympiad Open"]
[Site "Istanbul TUR"]
[Date "2012.09.06"]
[Round "9.77"]
[White "Ynojosa,F"]
[Black "Dukaczewski,P"]
[Result "1-0"]
[WhiteElo "2374"]
[BlackElo "2228"]

1.e4 c5 2.c3 Nf6 3.e5 Nd5 4.d4 cxd4 5.cxd4 e6 6.Nc3 Nxc3 7.bxc3 Qc7 8.Bd2 b6
9.f4 Ba6 10.Bxa6 Nxa6 11.Ne2 Qc6 12.O-O g6 13.Qb3 Rc8 14.c4 Nc7 15.Rac1 Be7
16.Bb4 Bxb4 17.Qxb4 h5 18.h4 a5 19.Qa3 Na6 20.Qe3 O-O 21.Ng3 d5 22.f5 exf5
23.Qg5 Kh7 24.cxd5 Qxd5 25.Nxf5 gxf5 26.Qxf5+ Kg7 27.Rxc8 Rxc8 28.Qxc8 Qxd4+
29.Rf2 Qa1+ 30.Kh2 Qxe5+ 31.g3 Nb4 32.Qd7 Qe6 33.Qd4+ f6 34.a3 Nd5 35.Rd2 Ne3
36.Qd7+ Qxd7 37.Rxd7+ Kg6 38.a4 Nc4 39.Rd4 Nb2 40.Kg2 Kf5 41.Kf3 Ke5 42.Ke3 f5
43.Rf4 Kd5 44.Rxf5+ Kc4 45.Rxh5 Nxa4 46.Rh8 Nc3 47.Rc8+ Kb3 48.Rxc3+ Kxc3
49.h5 a4 50.h6  1-0

[Event "11th Kesarovski-Stanchev Mem"]
[Site "Sunny Beach BUL"]
[Date "2012.09.06"]
[Round "6.31"]
[White "Michalczak,T"]
[Black "Ljangov,P"]
[Result "1-0"]
[WhiteElo "2366"]
[BlackElo "2088"]

1.e4 c5 2.c3 Nf6 3.e5 Nd5 4.Nf3 Nc6 5.Bc4 e6 6.d4 cxd4 7.cxd4 d6 8.O-O Nb6
9.Bd3 dxe5 10.dxe5 Nb4 11.Be4 Qxd1 12.Rxd1 Bd7 13.Bxb7 Nc2 14.Bxa8 Nxa8 15.Ne1 Nxa1
16.Nc3 Bc5 17.Bf4 Bb4 18.Rxa1 Bxc3 19.bxc3 Nb6 20.Be3 Kd8 21.Nf3 h6 22.Kf1 Kc7
23.Ke2 Bb5+ 24.Ke1 Bc6 25.Nd4 Nc4 26.Nxc6 Nxe3 27.fxe3 Kxc6 28.Rd1 Rb8 29.Rd6+ Kc7
30.Ra6 Rb1+ 31.Ke2 Kb7 32.Ra4 Rb2+ 33.Kf3 Rd2 34.a3 Rd7 35.Rd4 Rc7 36.Rb4+ Kc8
37.c4 Rd7 38.Ke2 Rc7 39.Kd3 Rd7+ 40.Kc3 Rd1 41.Rb2 Rf1 42.a4 Rf5 43.Kd4 h5
44.g3 Rf1 45.a5 Rd1+ 46.Kc5 Rd7 47.a6 Rc7+ 48.Kb5 Rd7 49.Rf2 Kc7 50.c5 Kd8
51.Rf4 Kc7 52.Rd4 Re7 53.c6 Kc8 54.Kc5 Kc7 55.Rb4 f6 56.Rb7+ Kd8 57.Kd6  1-0

[Event "14th Trieste Open A"]
[Site "Trieste ITA"]
[Date "2012.09.06"]
[Round "7"]
[White "Manca,F"]
[Black "Demuth,A"]
[Result "1/2-1/2"]
[WhiteElo "2421"]
[BlackElo "2476"]

1.e4 c5 2.c3 Nf6 3.e5 Nd5 4.Nf3 Nc6 5.Bc4 Nb6 6.Bb3 d5 7.exd6 Qxd6 8.d4 cxd4
9.O-O Be6 10.Na3 dxc3 11.Qe2 Bxb3 12.Nb5 Qb8 13.axb3 e5 14.bxc3 f6 15.Be3 a6
16.Bxb6 axb5 17.Qxb5 Be7 18.Qc4 Rxa1 19.Rxa1 Qd6 20.b4 Nd8 21.Be3 Qc6 22.Qb3 b5
23.Ra7 Rf8 24.Nd2 Rf7 25.c4 bxc4 26.Nxc4 Qb5 27.Rxe7+ Kxe7 28.Bc5+ Kd7 29.Qd1+ Ke6
30.Qd6+ Kf5 31.Ne3+ Kg5 32.Qxd8 Rd7 33.Qg8 Qd3 34.h3 Qb1+ 35.Kh2 Qe4 36.Qc4 Qf4+
37.Qxf4+ exf4 38.Nc4 Kf5 39.f3 Ke6 40.Na5 Rd1 41.Nc6 Kd5 42.Na5 h5 43.Bf8 g5
44.Nb7 f5 45.Bh6 g4 46.hxg4 hxg4 47.fxg4 fxg4 48.Bxf4 Rb1 49.Kg3 Rxb4 50.Nd6 Rb2
51.Nf5 Rxg2+ 52.Kxg2 Ke4  1/2-1/2

[Event "9th LGA Premium Cup"]
[Site "Nuernberg GER"]
[Date "2012.09.07"]
[Round "3.49"]
[White "Stein,T"]
[Black "Carow,J"]
[Result "0-1"]
[WhiteElo "2036"]
[BlackElo "2245"]

1.e4 c5 2.c3 Nf6 3.e5 Nd5 4.d4 cxd4 5.Nf3 e6 6.cxd4 b6 7.Nc3 Nxc3 8.bxc3 Qc7
9.Bd2 Bb7 10.Bd3 d6 11.O-O Nd7 12.Bf4 Be7 13.Re1 O-O 14.Re3 Rac8 15.Qe2 g6
16.Rc1 Rfd8 17.Ng5 dxe5 18.dxe5 Nc5 19.Bc2 Qc6 20.Rg3 Ba6 21.c4 Rd4 22.Nxh7 Rxf4
23.Bxg6 Kh8 24.Bb1 Rh4 25.Nf6 Bxf6 26.exf6 Qd6 27.Qe3 Rd8 28.Re1 Qf4 29.Rh3 Qxf6
30.Rf3 Qd4 31.Qxd4+ Rhxd4 32.Bc2 Rxc4 33.Bb3 Nxb3 34.axb3 Rcd4 35.h3 Rd1
36.Rxd1 Rxd1+ 37.Kh2 Kg7  0-1

[Event "9th LGA Premium Cup"]
[Site "Nuernberg GER"]
[Date "2012.09.07"]
[Round "3.38"]
[White "Krauss,Jo"]
[Black "Kersten,U"]
[Result "1/2-1/2"]
[WhiteElo "2125"]
[BlackElo "2320"]

1.e4 c5 2.c3 Nf6 3.e5 Nd5 4.Nf3 e6 5.Bc4 d6 6.d4 cxd4 7.cxd4 Nc6 8.O-O Be7
9.Qe2 O-O 10.Qe4 Bd7 11.Bd3 f5 12.exf6 Nxf6 13.Qe2 Qe8 14.Nbd2 Nd5 15.Ne4 h6
16.a3 Qf7 17.Bc4 Rae8 18.Nc3 a6 19.Ba2 Bd8 20.Qd3 Nxc3 21.bxc3 Qf5 22.Qd1 d5
23.Bb1 Qf7 24.Qc2 g5 25.Re1 Bc7 26.a4 Qg7 27.Qg6 Qxg6 28.Bxg6 Rc8 29.h4 Kg7
30.Bh5 gxh4 31.Bg4 Rf6 32.Bd2 Na5 33.Rab1 Re8 34.c4 Nxc4 35.Rxb7 Rc8 36.Bb4 Rf7
37.Bh5 Rf5 38.Bg4 Rf7 39.Bh5 Rf4 40.Ne5 Nxe5 41.dxe5 Bc6 42.Bd2 Rf5 43.Ra7 Rxh5
44.Ba5 Rf5 45.Rc1 Bxa4 46.Bxc7 Rf7 47.Rxa6 Rfxc7 48.Rxc7+ Rxc7 49.Rxa4 Rc1+
50.Kh2 Rc4 51.Ra6 Kf7 52.g3 Rc2 53.Kg2 Re2 54.gxh4 Rxe5 55.Ra7+ Kg6 56.Rd7 Re4
57.Kg3 h5 58.Re7 Rg4+ 59.Kh3 Kf6 60.Rh7 Rf4 61.Rh6+ Ke7 62.Kg3 Rf5 63.f4 d4
64.Kf3 e5 65.Ke4 Rxf4+ 66.Kxe5 Rxh4 67.Rh7+ Kf8 68.Rd7 Rg4 69.Rxd4 Rxd4  1/2-1/2

[Event "9th LGA Premium Cup"]
[Site "Nuernberg GER"]
[Date "2012.09.08"]
[Round "5.52"]
[White "Mader,Ma"]
[Black "Bingert,Tim Niklas"]
[Result "1-0"]
[WhiteElo "2222"]
[BlackElo "1931"]

1.e4 c5 2.c3 Nf6 3.e5 Nd5 4.Nf3 Nc6 5.Bc4 Nb6 6.Bb3 g6 7.d4 cxd4 8.cxd4 Bg7
9.Ng5 O-O 10.h4 h6 11.Nxf7 Rxf7 12.Bxf7+ Kxf7 13.h5 g5 14.f4 gxf4 15.Bxf4 d6
16.Qd3 Qe8 17.Bxh6 Bxh6 18.Qg6+ Kf8 19.Rf1+  1-0

[Event "11th Kesarovski-Stanchev Mem"]
[Site "Sunny Beach BUL"]
[Date "2012.09.08"]
[Round "8.33"]
[White "Asparuhov,P"]
[Black "Bonev,T"]
[Result "0-1"]
[WhiteElo "2104"]
[BlackElo "2300"]

1.e4 c5 2.c3 Nf6 3.e5 Nd5 4.d4 e6 5.Nf3 cxd4 6.cxd4 d6 7.Bc4 Nb6 8.Bb3 dxe5
9.Nxe5 Nc6 10.Nxc6 bxc6 11.O-O Be7 12.Nc3 O-O 13.Be3 Nd5 14.Rc1 a5 15.Na4 Ba6
16.Bc4 Bb5 17.Bxb5 cxb5 18.Nc3 b4 19.Ne2 Qd7 20.Qd3 Rfc8 21.Rxc8+ Rxc8 22.Rc1 h6
23.g3 Rxc1+ 24.Nxc1 Qc6 25.Ne2 a4 26.Bd2 Bd6 27.b3 axb3 28.axb3 Qa8 29.Qc2 Qa6
30.Be3 Bc7 31.Kg2 g6 32.Bf4 Qa8 33.f3 Qa1 34.Qd3 Qe1 35.Bd2 Qd1 36.Kf2 Qh1
37.h4 Qd1 38.f4 Ne7 39.Nc1 Nf5 40.Ne2 Qh1 41.Bxb4 Qh2+ 42.Ke1 Nxg3 43.f5  0-1